Numerical analysis(theory and applications) (Record no. 565977)
[ view plain ]
| 000 -LEADER | |
|---|---|
| fixed length control field | 00382nam a2200121Ia 4500 |
| 008 - FIXED-LENGTH DATA ELEMENTS--GENERAL INFORMATION | |
| fixed length control field | 210430s9999 xx 000 0 und d |
| 082 ## - DEWEY DECIMAL CLASSIFICATION NUMBER | |
| Classification number | 519.4 F159S |
| 100 ## - MAIN ENTRY--PERSONAL NAME | |
| Personal name | Richard L.Burden,J.Douglas Faires |
| 9 (RLIN) | 55017 |
| 245 ## - TITLE STATEMENT | |
| Title | Numerical analysis(theory and applications) |
| Statement of responsibility, etc. | Richard L.Burden,J.Douglas Faires |
| 260 ## - PUBLICATION, DISTRIBUTION, ETC. | |
| Place of publication, distribution, etc. | India |
| Name of publisher, distributor, etc. | cengage learning |
| Date of publication, distribution, etc. | 2010 |
| 300 ## - PHYSICAL DESCRIPTION | |
| Extent | 779p. |
| 942 ## - ADDED ENTRY ELEMENTS (KOHA) | |
| Koha item type | Book |
| Source of classification or shelving scheme | |
| Withdrawn status | Lost status | Source of classification or shelving scheme | Damaged status | Not for loan | Permanent Location | Current Location | Shelving location | Date acquired | Total Checkouts | Total Renewals | Full call number | Barcode | Date last seen | Date last checked out | Price effective from | Koha item type |
|---|---|---|---|---|---|---|---|---|---|---|---|---|---|---|---|---|
| School of Chemical & Materials Engineering (SCME) | School of Chemical & Materials Engineering (SCME) | Book Cart | 2 | 5 | 519.4 F159S | SCME-D218 | 12/10/2025 | 09/15/2025 | 04/30/2021 | Book |
